| 000 | 00689nam a2200229 i 4500 | ||
|---|---|---|---|
| 001 | bg | ||
| 100 | 1 | _aBĘZA, Stanisław | |
| 245 | 1 | 0 |
_aDeutsch - deine Chance.2 / _cStanisław Bęza. |
| 250 | _a[Wyd. 1, dodr.]. | ||
| 260 |
_aWarszawa : _b"Poltext", _c2004. |
||
| 300 |
_a340, [1] s. : _bil. ; _c24 cm + _ekaseta dźw. |
||
| 650 | 9 | _aJęzyk niemiecki | |
| 655 | _aPodręczniki | ||
| 020 | _a8386890525 (t. 2) | ||
| 040 | _cBPK | ||
| 041 | 0 | _agerpol | |
| 080 | _a811.112.2(07) | ||
| 920 | _a83-86890-52-5 (t. 2) | ||
| 942 | _cKS | ||
| 008 | s pl f |000 0 pol | ||
| 999 |
_c44779 _d44779 |
||
| 856 |
_uhttp://koha.tu.koszalin.pl/cgi-bin/koha/opac-detail.pl?biblionumber=44779 _yKatalog online BPK |
||